| 000 | 02579nam a2200409Ia 4500 | ||
|---|---|---|---|
| 999 |
_c54155 _d54155 |
||
| 001 | 21211 | ||
| 003 | GE_BSU | ||
| 005 | 20210408121913.0 | ||
| 008 | 181216s2013||||ge |||||||||||||| ||geo|| | ||
| 020 | _a9789941114557 | ||
| 040 | _cGE_BSU | ||
| 041 | _ageo | ||
| 080 | _a659.1 ბ-45 | ||
| 100 |
_aბელჩი, ჯორჯ ი. _911181 |
||
| 245 |
_aრეკლამა და პრომოცია : _bინტეგრირებული მარკეტინგული კომუნიკაციების ხედვა / _cჯორჯ. ი. ბელჩი და მაიკლ ე. ბელჩი ; მთარგმნ.: ხათუნა ბასილაშვილი [და სხვ.] ; რედ.: ნინო აბესაძე [და სხვ.]. |
||
| 264 |
_aთბილისი : _bდიოგენე, _c2013. |
||
| 300 |
_a825 გვ. : _bილ. ; _c27 სმ. |
||
| 500 | _aშენიშვნები: გვ. 774-804. | ||
| 501 | _aსაგნობრივი საძ.გვ:813-825 | ||
| 505 | _gრეკლამისა და პრომოციის ტერმინების გლოსარიუმი: გვ. 761-773. | ||
| 541 | _h55ლ.26თ. | ||
| 653 | _aინტეგრირებული მარკეტინგული კომუნიკაციების ხედვა | ||
| 653 | _aრეკლამა | ||
| 653 | _aრეკლამა და პრომოცია | ||
| 700 |
_aბელჩი, მაიკლ ე. _eავტორი _911182 |
||
| 700 |
_aბასილაშვილი, ხათუნა _eმთარგმნელი _97737 |
||
| 700 |
_aგოგოლაძე, მაია _eმთარგმნელი _911183 |
||
| 700 |
_aკეკელიძე, მზია _eმთარგმნელი _911184 |
||
| 700 |
_aკვესელავა, მანანა _eმთარგმნელი _911185 |
||
| 700 |
_aმაისაშვილი, ხათუნა _eმთარგმნელი _911186 |
||
| 700 |
_aწილოსანი, თამარ _eმთარგმნელი _911187 |
||
| 700 |
_aაბესაძე, ნინო _eრედაქტორი _92811 |
||
| 700 |
_aკვესელავა, მარიკა _eრედაქტორი _911188 |
||
| 700 |
_aნერგაძე, ნიკო _eრედაქტორი _911189 |
||
| 700 |
_aჩიკვაიძე, ცირა _eრედაქტორი _911190 |
||
| 942 |
_cBK _2udc |
||